| 000 | 00869nam a2200229Ii 4500 | ||
|---|---|---|---|
| 003 | JO-AjNU | ||
| 008 | 230605s9999||||xx |||||||||||||| ||und|| | ||
| 017 | _a2006/10/2700 | ||
| 020 | _a9957-462-20-2 | ||
| 040 |
_aJO-AjNU _bara _erda _cJO-AjNU |
||
| 041 | _aara | ||
| 050 | 1 | 4 | _aBP161.2.A84 2007 |
| 100 | 3 |
_aالدبو،ابراهيم ، وآخرون, _eauthor _920934 |
|
| 245 | 0 | 0 | _aالإسلام وقضايا العصر |
| 250 | _aط1 | ||
| 264 | 3 | 1 | _aعمان: دار المأمون للنشر والتوزيع، 2007 |
| 300 | _a245ص | ||
| 336 |
_atext _btxt _2rdacontent |
||
| 337 |
_aunmediated _bn _2rdamedia |
||
| 338 |
_avolume _bnc _2rdacarrier |
||
| 650 | 4 |
_aالاسلام والمجتمع- الاسلام والاصلاح الاجتماعي- الاسلام والاصلاح الاقتصادي- الاسلام والاصلاح السياسي _920935 |
|
| 999 |
_aA7188 _c10756 _d10756 |
||